Statistiques concernant les 20 pays avec le plus de milliardaires

Cliquez ici pour prendre le quiz!

Statistiques générales

  • Ce quiz a été pris 176 fois
  • Le résultat moyen est 15 sur 20

Statistiques - réponses

HintRéponse% Correct
1.058chine
99%
68france
99%
44japon
92%
177inde
91%
141allemagne
90%
59brésil
90%
29espagne
90%
85russie
90%
40canada
89%
43australie
86%
696USA
86%
45italie
83%
100suisse
77%
32corée du sud
73%
28suède
64%
32indonesie
58%
31turquie
51%
35singapour
47%
52thailande
42%
134royaumes-unis
4%

Distribution des résultats

Percentile par nombre de réponses

% des personnes avec chaque résultat

Votre développement - résultats

Vous n’avez pas pris ce quiz